Road Transport Act 1987 (Act 333) & Commercial Vehicles Licensing Board Act 1987 (Act 334) : (Record no. 4468)
[ view plain ]
| 000 -LEADER | |
|---|---|
| fixed length control field | nam a22 a 4500 |
| 003 - CONTROL NUMBER IDENTIFIER | |
| control field | AKMAL |
| 005 - DATE AND TIME OF LATEST TRANSACTION | |
| control field | 20170530111551.0 |
| 008 - FIXED-LENGTH DATA ELEMENTS--GENERAL INFORMATION | |
| fixed length control field | 170530s2002 my l 00 eng d |
| 020 ## - INTERNATIONAL STANDARD BOOK NUMBER | |
| International Standard Book Number | 9678913003 (pbk.): |
| Terms of availability | RM17.50 |
| 040 ## - CATALOGING SOURCE | |
| Transcribing agency | AKMAL |
| 082 04 - DEWEY DECIMAL CLASSIFICATION NUMBER | |
| Classification number | 343.5950942 ROA |
| Edition number | 21 |
| 090 00 - LOCALLY ASSIGNED LC-TYPE CALL NUMBER (OCLC); LOCAL CALL NUMBER (RLIN) | |
| Classification number (OCLC) (R) ; Classification number, CALL (RLIN) (NR) | 343.5950942 |
| Local cutter number (OCLC) ; Book number/undivided call number, CALL (RLIN) | ROA |
| 110 1# - MAIN ENTRY--CORPORATE NAME | |
| Corporate name or jurisdiction name as entry element | Malaysia |
| 9 (RLIN) | 400 |
| 240 10 - UNIFORM TITLE | |
| Uniform title | Akta Pengangkutan Jalan, 1987. |
| Language of a work | English |
| 245 10 - TITLE STATEMENT | |
| Title | Road Transport Act 1987 (Act 333) & Commercial Vehicles Licensing Board Act 1987 (Act 334) : |
| Remainder of title | (as at 10th October 2002) / |
| Statement of responsibility, etc. | compiled by Legal Research Board |
| 260 ## - PUBLICATION, DISTRIBUTION, ETC. | |
| Place of publication, distribution, etc. | Petaling Jaya : |
| Name of publisher, distributor, etc. | International Law Book Services, |
| Date of publication, distribution, etc. | 2002 |
| 300 00 - PHYSICAL DESCRIPTION | |
| Extent | 191p. ; |
| Dimensions | 24cm |
| 440 #0 - SERIES STATEMENT/ADDED ENTRY--TITLE | |
| Title | Laws of Malaysia |
| 9 (RLIN) | 1830 |
| 650 #0 - SUBJECT ADDED ENTRY--TOPICAL TERM | |
| Topical term or geographic name entry element | Automobiles |
| General subdivision | Law and legislation |
| Geographic subdivision | Malaysia |
| 9 (RLIN) | 8658 |
| 650 #0 - SUBJECT ADDED ENTRY--TOPICAL TERM | |
| Topical term or geographic name entry element | Commercial vehicles |
| General subdivision | Law and legislation |
| Geographic subdivision | Malaysia |
| 9 (RLIN) | 8656 |
| 650 #0 - SUBJECT ADDED ENTRY--TOPICAL TERM | |
| Topical term or geographic name entry element | Transportation, Automotive |
| General subdivision | Law and legislation |
| Geographic subdivision | Malaysia |
| 9 (RLIN) | 8655 |
| 710 2# - ADDED ENTRY--CORPORATE NAME | |
| Corporate name or jurisdiction name as entry element | Lembaga Penyelidikan Undang-Undang |
| 9 (RLIN) | 8659 |
| 942 ## - ADDED ENTRY ELEMENTS (KOHA) | |
| Source of classification or shelving scheme | |
| Koha item type | Book |
| Withdrawn status | Lost status | Source of classification or shelving scheme | Damaged status | Not for loan | Collection code | Home library | Current library | Shelving location | Date acquired | Inventory number | Total Checkouts | Full call number | Barcode | Date last seen | Price effective from | Koha item type |
|---|---|---|---|---|---|---|---|---|---|---|---|---|---|---|---|---|
| NON-FICTION | AKMAL Melaka | AKMAL Melaka | PINJAMAN | 30.05.2017 | 304061 | 343.5950942 ROA | 201707130 | 30.05.2017 | 30.05.2017 | Book | ||||||
| NON-FICTION | AKMAL Melaka | AKMAL Melaka | PINJAMAN | 30.05.2017 | 304060 | 343.5950942 ROA | 201707129 | 30.05.2017 | 30.05.2017 | Book | ||||||
| NON-FICTION | AKMAL Melaka | AKMAL Melaka | PINJAMAN | 30.05.2017 | 304062 | 343.5950942 ROA | 201707128 | 30.05.2017 | 30.05.2017 | Book |
